[Event "FRA-ch op-A"]
[Site "Albi"]
[Date "2022.08.19"]
[Round "7"]
[White "Berger Dit Lacroix, Kilian"]
[Black "Bitbol Delaveyne, Maelan"]
[Result "0-1"]
[WhiteElo "2131"]
[BlackElo "2116"]
[PlyCount "122"]
[EventDate "2022.08.13"]
[EventType "swiss"]
[EventRounds "9"]
[EventCountry "FRA"]
[SourceTitle "CBM 210 Extra"]
[Source "ChessBase"]
[SourceDate "2022.11.30"]
[SourceVersion "1"]
[SourceVersionDate "2022.11.30"]
[SourceQuality "1"]

1. e4 d5 2. exd5 Qxd5 3. Nc3 Qd6 4. d4 Nf6 5. Nf3 c6 6. Be3 Bg4 7. h3 Bh5 8. Be2 Nbd7 9. Qd2 e6 10. 0-0-0 Qc7 11. g4 Bg6 12. Nh4 Bb4 13. Nxg6 hxg6 14. Qd3 Qa5 15. Kb1 0-0-0 16. Ne4 Nxe4 17. Qxe4 Nf6 18. Qf3 Rd7 19. c4 Rhd8 20. a3 Bd6 21. Rc1 g5 22. Rhd1 Bf4 23. Bxf4 gxf4 24. Qxf4 Qb6 25. Qe5 Rxd4 26. c5 Qc7 27. Qxd4 Rxd4 28. Rxd4 Qe5 29. Rd2 Nd5 30. Bf3 Nf4 31. Rcd1 Qxc5 32. Rd8+ Kc7 33. R8d7+ Kb6 34. Rxf7 Nd5 35. Bxd5 exd5 36. Re1 Qd4 37. Ree7 Qd3+ 38. Kc1 Kc5 39. Re3 Qf1+ 40. Kd2 a5 41. h4 a4 42. Re2 b5 43. Rxg7 Qb1 44. Rd7 Qxb2+ 45. Ke3 d4+ 46. Kf3 Qxa3+ 47. Ke4 Qc3 48. h5 Qc4 49. Kf3 Qd3+ 50. Re3 Qd1+ 51. Kf4 Qc1 52. Rxd4 Kxd4 53. h6 a3 54. h7 Qh1 55. Re7 a2 56. Ra7 a1Q 57. Rxa1 Qxh7 58. g5 Qe4+ 59. Kg3 Ke5 60. Kh3 Qf3+ 61. Kh4 Kf5 0-1

[Event "FRA-ch U18"]
[Site "Agen"]
[Date "2021.10.28"]
[Round "6"]
[White "Defromont, Benjamin"]
[Black "Berger Dit Lacroix, Kilian"]
[Result "1-0"]
[WhiteElo "2250"]
[BlackElo "2098"]
[PlyCount "61"]
[EventDate "2021.10.22"]
[EventType "swiss"]
[EventRounds "9"]
[EventCountry "FRA"]
[SourceTitle "EXT 2023"]
[Source "ChessBase"]
[SourceDate "2022.10.05"]
[SourceVersion "1"]
[SourceVersionDate "2022.10.05"]
[SourceQuality "1"]

1. e4 c6 2. Nc3 d5 3. Nf3 dxe4 4. Nxe4 Nf6 5. Qe2 Nxe4 6. Qxe4 Nd7 7. Bc4 Nf6 8. Ne5 e6 9. Qe2 b5 10. Bb3 Qc7 11. 0-0 Bd6 12. d4 0-0 13. c3 a5 14. Re1 a4 15. Bc2 Nd5 16. a3 Bb7 17. Bd3 Rad8 18. Qh5 f5 19. Bg5 Rb8 20. Rad1 Ba6 21. Nf3 h6 22. Bxh6 gxh6 23. Qg6+ Kh8 24. Rxe6 Bf4 25. Rxc6 Rg8 26. Qxf5 Qg7 27. Nh4 Ne7 28. Qxf4 Nxc6 29. Ng6+ Kh7 30. Ne5+ Kh8 31. Nf7+ 1-0

[Event "FRA-ch U18"]
[Site "Agen"]
[Date "2021.10.27"]
[Round "5"]
[White "Berger Dit Lacroix, Kilian"]
[Black "Girel, Joseph"]
[Result "1/2-1/2"]
[WhiteElo "2098"]
[BlackElo "2395"]
[PlyCount "99"]
[EventDate "2021.10.22"]
[EventType "swiss"]
[EventRounds "9"]
[EventCountry "FRA"]
[SourceTitle "EXT 2023"]
[Source "ChessBase"]
[SourceDate "2022.10.05"]
[SourceVersion "1"]
[SourceVersionDate "2022.10.05"]
[SourceQuality "1"]

1. e4 c5 2. Nf3 e6 3. d4 cxd4 4. Nxd4 Nf6 5. Nc3 Nc6 6. g3 d5 7. exd5 exd5 8. Bg2 Be7 9. 0-0 0-0 10. Re1 Bg4 11. f3 Bh5 12. Be3 Re8 13. Kh1 Bg6 14. Bg1 Qd7 15. Qd2 Rac8 16. Rad1 Na5 17. Nce2 Nc4 18. Qc1 Bd6 19. b3 Ba3 20. Qg5 Re5 21. Qf4 Bd6 22. Qc1 Na3 23. c3 Qc7 24. b4 Nc4 25. Nb5 Qe7 26. Nxd6 Nxd6 27. Nf4 Nb5 28. Bc5 Qc7 29. a4 b6 30. Bh3 Bf5 31. Rxe5 Bxh3 32. Qe3 Bd7 33. axb5 bxc5 34. Nxd5 Nxd5 35. Rexd5 Bxb5 36. Rxc5 Bc6 37. Re1 Qb7 38. Kg2 h6 39. Qf2 Rd8 40. b5 Bxf3+ 41. Kg1 Rd6 42. Rf5 Bg4 43. Rf4 Bh3 44. Rh4 Qd7 45. Qe2 Be6 46. Rd4 Rxd4 47. cxd4 Qxd4+ 48. Qf2 Qb4 49. Rd1 Qxb5 50. Qxa7 1/2-1/2

[Event "Vaujany op 12th"]
[Site "Vaujany"]
[Date "2021.07.16"]
[Round "2"]
[White "Berger Dit Lacroix, Kilian"]
[Black "Philippe, Guillaume"]
[Result "0-1"]
[WhiteElo "2114"]
[BlackElo "2377"]
[PlyCount "88"]
[EventDate "2021.07.15"]
[EventType "swiss"]
[EventRounds "9"]
[EventCountry "FRA"]
[SourceTitle "EXT 2022"]
[Source "ChessBase"]
[SourceDate "2021.10.06"]
[SourceVersion "1"]
[SourceVersionDate "2021.10.06"]
[SourceQuality "1"]

1. e4 c5 2. Nf3 e6 3. d4 cxd4 4. Nxd4 a6 5. c4 Nf6 6. Nc3 Qc7 7. Be2 b6 8. f4 d6 9. 0-0 Bb7 10. Bf3 Nbd7 11. Be3 Rc8 12. Rc1 Be7 13. Kh1 Qb8 14. Qe2 Qa8 15. Bg1 0-0 16. g4 Nc5 17. Rfe1 g6 18. b4 Ncd7 19. g5 Ne8 20. h4 Ng7 21. Kh2 Rce8 22. h5 gxh5 23. Bxh5 e5 24. Nf5 Nxf5 25. exf5 exf4 26. Qg4 Ne5 27. Qxf4 Nd3 28. Qg3 Nxe1 29. Rxe1 d5 30. g6 fxg6 31. fxg6 h6 32. g7 Rf5 33. Bg4 Rg5 34. Be6+ Kxg7 35. Bd4+ Kh7 36. Bf5+ Kg8 37. Be6+ Kh7 38. Qd3+ Rg6 39. c5 Qd8 40. Qf5 Bd6+ 41. cxd6 Qh4+ 42. Qh3 Qxe1 43. d7 Qd2+ 44. Kh1 Qxd4 0-1

[Event "Tetraktys Concept Mgmt"]
[Site "Europe Echecs INT"]
[Date "2021.06.06"]
[Round "11"]
[White "Berger Dit Lacroix, Kilian"]
[Black "Brunner, Nicolas"]
[Result "1-0"]
[WhiteElo "2114"]
[BlackElo "2418"]
[PlyCount "95"]
[EventDate "2021.06.06"]
[EventType "swiss (blitz)"]
[EventRounds "11"]
[EventCountry "FRA"]
[SourceTitle "CBM 202 Extra"]
[Source "ChessBase"]
[SourceDate "2021.07.31"]
[SourceVersion "1"]
[SourceVersionDate "2021.07.31"]
[SourceQuality "1"]

1. e4 c5 2. Nf3 e6 3. d4 cxd4 4. Nxd4 Nc6 5. Nc3 Qc7 6. Be3 a6 7. Qf3 Nf6 8. 0-0-0 Ne5 9. Qg3 b5 10. f4 Neg4 11. e5 Nxe3 12. Qxe3 b4 13. Ne4 Nxe4 14. Qxe4 Bb7 15. Qe3 Bc5 16. Kb1 Rc8 17. Bd3 Qb6 18. Be4 0-0 19. g4 a5 20. f5 Bxe4 21. Qxe4 Rfd8 22. f6 g6 23. Nb3 Bf8 24. h4 a4 25. Nc1 d5 26. Qe2 b3 27. cxb3 axb3 28. Nxb3 Ra8 29. h5 Qa7 30. Nc1 Rdb8 31. hxg6 fxg6 32. Rdf1 Rb7 33. g5 Rab8 34. b3 Ba3 35. Rh3 Qd4 36. Rd1 Qf4 37. Rc3 Qxg5 38. Rf1 Bxc1 39. Rfxc1 d4 40. Rc8+ Rxc8 41. Rxc8+ Kf7 42. Qa6 Qf5+ 43. Kb2 Qf2+ 44. Rc2 Qf3 45. Qd6 d3 46. Rc7+ Rxc7 47. Qxc7+ Kg8 48. Qg7# 1-0

[Event "Tetraktys Concept Mgmt"]
[Site "Europe Echecs INT"]
[Date "2021.06.06"]
[Round "4"]
[White "Berger Dit Lacroix, Kilian"]
[Black "Petriashvili, Nikoloz"]
[Result "1/2-1/2"]
[WhiteElo "2114"]
[BlackElo "2432"]
[PlyCount "188"]
[EventDate "2021.06.06"]
[EventType "swiss (blitz)"]
[EventRounds "11"]
[EventCountry "FRA"]
[SourceTitle "CBM 202 Extra"]
[Source "ChessBase"]
[SourceDate "2021.07.31"]
[SourceVersion "1"]
[SourceVersionDate "2021.07.31"]
[SourceQuality "1"]

1. e4 c5 2. Nf3 Nc6 3. d4 cxd4 4. Nxd4 g6 5. Nc3 Bg7 6. Be3 Nf6 7. Bc4 0-0 8. 0-0 d6 9. h3 Bd7 10. Bb3 Rc8 11. Qd2 a6 12. a4 Na5 13. Ba2 Nc4 14. Bxc4 Rxc4 15. b3 Rc5 16. Nde2 Rc8 17. a5 Bc6 18. f3 d5 19. e5 Nd7 20. f4 e6 21. Na4 f6 22. Nb6 fxe5 23. Nxc8 Qxc8 24. fxe5 Nxe5 25. Rxf8+ Qxf8 26. Rf1 Qe8 27. Nd4 Nf7 28. c4 Nd6 29. Re1 Ne4 30. Qc2 h5 31. Nxc6 bxc6 32. cxd5 exd5 33. Bb6 Bf8 34. Qd3 Qc8 35. Rxe4 dxe4 36. Qxe4 Bg7 37. Qxg6 Qd7 38. Qxh5 Qe6 39. Qd1 Kh8 40. b4 Qe4 41. Bc5 Be5 42. Qh5+ Kg7 43. Qg4+ Qxg4 44. hxg4 Kf6 45. Kf2 Bc3 46. Kf3 Bd2 47. g3 Ke6 48. Ke4 Kf6 49. Bd6 Ke6 50. Bf8 Kf7 51. Bc5 Ke6 52. Kd4 Be1 53. Kc4 Bxg3 54. Be3 Bd6 55. g5 Kf5 56. Bc5 Bf4 57. Be7 Be3 58. Bf6 Ke6 59. Bd8 Kd7 60. Bf6 Ke6 61. Kd3 Bf2 62. Ke4 Be1 63. Bd4 Bxb4 64. Bb6 Be7 65. Be3 Bd8 66. Bd2 Bc7 67. Kd4 Bd6 68. Ke4 Bc5 69. Bc3 Be7 70. Bd2 Bd8 71. Kd4 Be7 72. Ke4 Bf8 73. Bc3 Bc5 74. Bd2 Ba3 75. Bc3 Bc1 76. g6 Ba3 77. g7 Kf7 78. Kd3 Be7 79. Kc4 Bd6 80. Bd4 Ba3 81. Bc3 Bd6 82. Kd3 Bc7 83. Ke4 Bd6 84. Kf5 Ba3 85. Ke4 Be7 86. Kf5 Bd6 87. Ke4 Bg3 88. Kd3 Bf2 89. Kc4 Be3 90. Bd4 Bd2 91. Bc3 Bg5 92. Kc5 Bd8 93. Kb4 Be7+ 94. Kc4 Bd6 1/2-1/2

[Event "Tetraktys Concept Mgmt"]
[Site "Europe Echecs INT"]
[Date "2021.06.06"]
[Round "2"]
[White "Berger Dit Lacroix, Kilian"]
[Black "Shevchenko, Kirill"]
[Result "0-1"]
[WhiteElo "2114"]
[BlackElo "2605"]
[PlyCount "90"]
[EventDate "2021.06.06"]
[EventType "swiss (blitz)"]
[EventRounds "11"]
[EventCountry "FRA"]
[SourceTitle "CBM 202 Extra"]
[Source "ChessBase"]
[SourceDate "2021.07.31"]
[SourceVersion "1"]
[SourceVersionDate "2021.07.31"]
[SourceQuality "1"]

1. e4 c5 2. Nf3 g6 3. d4 cxd4 4. Nxd4 Bg7 5. c4 Nc6 6. Be3 d6 7. Nc3 Nf6 8. Be2 0-0 9. 0-0 Nxd4 10. Bxd4 Bd7 11. h3 Bc6 12. Qc2 a5 13. Rad1 a4 14. Rfe1 Qa5 15. Bf3 Nd7 16. Bxg7 Kxg7 17. Bg4 Ne5 18. Nd5 e6 19. Ne3 f5 20. exf5 gxf5 21. Bxf5 exf5 22. Nxf5+ Rxf5 23. Qxf5 Nf3+ 24. Qxf3 Bxf3 25. gxf3 Rf8 26. Re7+ Rf7 27. Re3 Qb4 28. b3 axb3 29. axb3 Kf8 30. Rd5 Re7 31. Rf5+ Ke8 32. Rb5 Qd2 33. Rxe7+ Kxe7 34. Rxb7+ Ke6 35. Kg2 Qg5+ 36. Kf1 h5 37. Rb5 Qg6 38. h4 Kd7 39. Rb8 Qf6 40. Rb5 Qxh4 41. Rd5 Qh1+ 42. Ke2 Ke6 43. Rd4 h4 44. f4 h3 45. Rd3 h2 0-1

[Event "Europe Echecs Blitz May op"]
[Site "Europe Echecs INT"]
[Date "2021.05.09"]
[Round "2"]
[White "Berger Dit Lacroix, Kilian"]
[Black "Maghsoodloo, Parham"]
[Result "0-1"]
[WhiteElo "2114"]
[BlackElo "2698"]
[PlyCount "110"]
[EventDate "2021.05.09"]
[EventType "swiss (blitz)"]
[EventRounds "11"]
[EventCountry "FRA"]
[SourceTitle "CBM 202 Extra"]
[Source "ChessBase"]
[SourceDate "2021.07.31"]
[SourceVersion "1"]
[SourceVersionDate "2021.07.31"]
[SourceQuality "1"]

1. e4 c5 2. Nf3 Nc6 3. d4 cxd4 4. Nxd4 Nf6 5. Nc3 d6 6. Bg5 e6 7. f4 Be7 8. Qd2 a6 9. 0-0-0 Bd7 10. Kb1 b5 11. Nxc6 Bxc6 12. Bxf6 Bxf6 13. Bd3 0-0 14. Rhe1 Rc8 15. e5 dxe5 16. fxe5 Bg5 17. Qe2 Qe7 18. Ne4 Bxe4 19. Qxe4 g6 20. g3 Rfd8 21. h4 Bh6 22. h5 Rd5 23. hxg6 hxg6 24. Be2 Rcd8 25. Rxd5 Rxd5 26. Bd3 Bg7 27. Qf4 Qc7 28. Rh1 Rxe5 29. Qh4 Rh5 30. Qe4 Qe5 31. Qa8+ Kh7 32. c3 Rxh1+ 33. Qxh1+ Bh6 34. a4 Qxg3 35. Bc2 bxa4 36. Qb7 Qe1+ 37. Ka2 Qf1 38. Bxa4 Bg7 39. Qe7 Qf4 40. Bb3 Qf5 41. Qh4+ Kg8 42. Qd8+ Bf8 43. Bc4 a5 44. Qa8 Kg7 45. Bb3 Qc5 46. Qd8 Be7 47. Qd7 g5 48. Qd3 g4 49. c4 Qe5 50. Bc2 Bf6 51. Qh7+ Kf8 52. Qh6+ Ke7 53. Qc1 g3 54. Ka3 g2 55. Ba4 g1Q 0-1

[Event "Europe Echecs Blitz May op"]
[Site "Europe Echecs INT"]
[Date "2021.05.09"]
[Round "11"]
[White "Berger Dit Lacroix, Kilian"]
[Black "Matnadze, Ana"]
[Result "1-0"]
[WhiteElo "2114"]
[BlackElo "2421"]
[PlyCount "147"]
[EventDate "2021.05.09"]
[EventType "swiss (blitz)"]
[EventRounds "11"]
[EventCountry "FRA"]
[SourceTitle "CBM 202 Extra"]
[Source "ChessBase"]
[SourceDate "2021.07.31"]
[SourceVersion "1"]
[SourceVersionDate "2021.07.31"]
[SourceQuality "1"]

1. e4 d5 2. exd5 Qxd5 3. Nc3 Qd8 4. Bc4 g6 5. Nf3 Bg7 6. 0-0 Nf6 7. h3 0-0 8. d4 c6 9. Ne5 Nbd7 10. Bf4 Nb6 11. Bb3 Nbd5 12. Qd2 Nxf4 13. Qxf4 Nd5 14. Bxd5 cxd5 15. Qf3 Be6 16. Rfe1 Rc8 17. Qd3 a6 18. Nf3 Qd6 19. Ng5 Bf5 20. Qd2 b5 21. Rac1 Rc4 22. Nf3 Rfc8 23. Ne5 R4c7 24. a3 f6 25. Nd3 Bxd3 26. Qxd3 Rc4 27. Rcd1 e6 28. Qe2 Kf7 29. h4 h5 30. Rd3 f5 31. Qd2 R4c6 32. Re2 Kg8 33. Nd1 Kh7 34. g3 Bh6 35. f4 Bg7 36. Nf2 Qc7 37. c3 a5 38. Rde3 Qb6 39. Nd3 Bf8 40. Qe1 Re8 41. Ne5 Rc7 42. Nf3 Rce7 43. Rxe6 Rxe6 44. Rxe6 Rxe6 45. Qxe6 Qxe6 46. Ng5+ Kg8 47. Nxe6 Bd6 48. b4 axb4 49. cxb4 Kf7 50. Ng5+ Ke7 51. Kf2 Bc7 52. Ke3 Bb6 53. Kd3 Kd6 54. Nf3 Ke6 55. Ne5 Bc7 56. Nxg6 Kf6 57. Ne5 Bd6 58. Nf3 Ke6 59. Nd2 Kf6 60. Nb1 Ke6 61. Nc3 Kd7 62. Nxb5 Bb8 63. Nc3 Kc6 64. a4 Bd6 65. b5+ Kb6 66. Nxd5+ Ka5 67. Kc4 Ba3 68. Nf6 Bb4 69. Nxh5 Be1 70. d5 Kb6 71. Kd4 Bf2+ 72. Ke5 Kc5 73. Kxf5 Bd4 74. Ke6 1-0

[Event "Ville d'Orsay online Blitz"]
[Site "Europe Echecs INT"]
[Date "2021.02.07"]
[Round "2"]
[White "Berger Dit Lacroix, Kilian"]
[Black "Mamedov, Rauf"]
[Result "0-1"]
[WhiteElo "2114"]
[BlackElo "2654"]
[PlyCount "68"]
[EventDate "2021.02.07"]
[EventType "swiss (blitz)"]
[EventRounds "11"]
[EventCountry "FRA"]
[SourceTitle "CBM 200 Extra"]
[Source "ChessBase"]
[SourceDate "2021.03.31"]
[SourceVersion "1"]
[SourceVersionDate "2021.03.31"]
[SourceQuality "1"]

1. e4 c5 2. Nf3 d6 3. Bb5+ Nc6 4. 0-0 Bd7 5. Re1 Nf6 6. c3 a6 7. Bf1 Bg4 8. h3 Bxf3 9. Qxf3 g6 10. Qd1 Bg7 11. d4 0-0 12. Bf4 cxd4 13. cxd4 Nd7 14. Be3 Qb6 15. Nc3 Qxb2 16. Nd5 Qa3 17. Rb1 Rab8 18. Qd2 e6 19. Nc3 Rfc8 20. Rec1 Na5 21. f3 Nc4 22. Bxc4 Rxc4 23. Ne2 b5 24. Rb3 Rxc1+ 25. Nxc1 Qa4 26. Rc3 Nb6 27. Rc7 Nc4 28. Qe2 Nxe3 29. Nb3 Bxd4 30. Nxd4 Qxd4 31. Kh2 d5 32. exd5 Qe5+ 33. Kh1 Qxc7 34. Qxe3 Rd8 0-1

[Event "Ville d'Orsay online Blitz"]
[Site "Europe Echecs INT"]
[Date "2021.02.07"]
[Round "5"]
[White "Berger Dit Lacroix, Kilian"]
[Black "Mendez Machado, Andre"]
[Result "1-0"]
[WhiteElo "2114"]
[BlackElo "1651"]
[PlyCount "79"]
[EventDate "2021.02.07"]
[EventType "swiss (blitz)"]
[EventRounds "11"]
[EventCountry "FRA"]
[SourceTitle "CBM 200 Extra"]
[Source "ChessBase"]
[SourceDate "2021.03.31"]
[SourceVersion "1"]
[SourceVersionDate "2021.03.31"]
[SourceQuality "1"]

1. e4 e5 2. Nf3 Nc6 3. d4 exd4 4. Nxd4 Bc5 5. Be3 Qf6 6. c3 Nge7 7. g3 d6 8. Bg2 0-0 9. 0-0 Be6 10. h3 Bc4 11. Re1 Ne5 12. Nd2 Ba6 13. N2b3 Nd3 14. Re2 Ne5 15. Rd2 Nc4 16. Re2 Ne5 17. Nxc5 dxc5 18. Nb3 Bxe2 19. Qxe2 c4 20. Nd2 Qe6 21. f4 Nd3 22. b3 b5 23. e5 Rab8 24. Ne4 Nf5 25. Bxa7 Ra8 26. Be3 Rfd8 27. b4 Nxe3 28. Qxe3 Ra3 29. Kh2 Qa6 30. Qe2 h6 31. Qc2 Ra8 32. Nc5 Nxc5 33. Bxa8 Qxa8 34. bxc5 Qf3 35. Rc1 b4 36. Qg2 Qd3 37. cxb4 c3 38. Qc2 Qd4 39. Rd1 Qxb4 40. Rd8# 1-0

[Event "Ville d'Orsay online Blitz"]
[Site "Europe Echecs INT"]
[Date "2021.02.07"]
[Round "6"]
[White "Dridi, Abdessalem"]
[Black "Berger Dit Lacroix, Kilian"]
[Result "0-1"]
[WhiteElo "1771"]
[BlackElo "2114"]
[PlyCount "22"]
[EventDate "2021.02.07"]
[EventType "swiss (blitz)"]
[EventRounds "11"]
[EventCountry "FRA"]
[SourceTitle "CBM 200 Extra"]
[Source "ChessBase"]
[SourceDate "2021.03.31"]
[SourceVersion "1"]
[SourceVersionDate "2021.03.31"]
[SourceQuality "1"]

1. e4 c5 2. Nf3 g6 3. d4 cxd4 4. Nxd4 Bg7 5. Nc3 Nc6 6. Be3 Nf6 7. Be2 0-0 8. Qd2 d5 9. f3 dxe4 10. Nxe4 Nxd4 11. Bxd4 Nxe4 0-1

[Event "Ville d'Orsay online Blitz"]
[Site "Europe Echecs INT"]
[Date "2021.02.07"]
[Round "11"]
[White "Vine, Thibault"]
[Black "Berger Dit Lacroix, Kilian"]
[Result "0-1"]
[WhiteElo "1850"]
[BlackElo "2114"]
[PlyCount "92"]
[EventDate "2021.02.07"]
[EventType "swiss (blitz)"]
[EventRounds "11"]
[EventCountry "FRA"]
[SourceTitle "CBM 200 Extra"]
[Source "ChessBase"]
[SourceDate "2021.03.31"]
[SourceVersion "1"]
[SourceVersionDate "2021.03.31"]
[SourceQuality "1"]

1. e4 c5 2. Nc3 g6 3. f4 Bg7 4. Nf3 Nc6 5. d3 e6 6. g3 Nge7 7. Bg2 0-0 8. 0-0 d5 9. e5 Rb8 10. Ne2 b5 11. c3 a5 12. d4 Qb6 13. Be3 cxd4 14. Nexd4 Nxd4 15. Bxd4 Qc7 16. Rc1 Ba6 17. b4 Qc4 18. Qd2 Nc6 19. Bc5 Rfc8 20. a3 Nd8 21. Rfe1 Nb7 22. Bf1 Qb3 23. Rb1 Qxa3 24. Ra1 Qb3 25. Reb1 Nxc5 26. bxc5 Qxb1 27. Rxb1 Rxc5 28. Nd4 Bf8 29. g4 Rc7 30. f5 Bc5 31. f6 Bf8 32. h4 Rbc8 33. Bxb5 Bxb5 34. Nxb5 Rc4 35. Nd6 Rxg4+ 36. Kh2 Rd8 37. Kh3 Ra4 38. Rb7 Ra3 39. Nxf7 Rc8 40. Nh6+ Kh8 41. Nf7+ Kg8 42. Nh6+ Kh8 43. Rf7 Bxh6 44. Qxh6 Rcxc3+ 45. Kg2 Rc2+ 46. Kh1 Ra1+ 0-1

[Event "FRA-ch Blitz Online Qual"]
[Site "Europe Echecs INT"]
[Date "2020.05.16"]
[Round "11"]
[White "Alif, Yassine"]
[Black "Berger Dit Lacroix, Kilian"]
[Result "1-0"]
[WhiteElo "1874"]
[BlackElo "2129"]
[PlyCount "63"]
[EventDate "2020.05.16"]
[EventType "swiss (blitz)"]
[EventRounds "15"]
[EventCountry "FRA"]
[SourceTitle "CBM 196 Extra"]
[Source "ChessBase"]
[SourceDate "2020.07.31"]
[SourceVersion "1"]
[SourceVersionDate "2020.07.31"]
[SourceQuality "1"]

1. d4 Nf6 2. c4 c5 3. d5 b5 4. cxb5 a6 5. bxa6 Bxa6 6. Nc3 g6 7. e4 Bxf1 8. Kxf1 d6 9. g3 Bg7 10. Kg2 0-0 11. Nf3 Nbd7 12. Qe2 Qa5 13. a4 Rfb8 14. Ra3 Rb4 15. Nd2 Nb6 16. b3 Nfd7 17. Na2 Rd4 18. Nf3 c4 19. Nxd4 Bxd4 20. b4 Qa7 21. a5 Nc8 22. Qxc4 Bxf2 23. Rf1 Ne5 24. Qb5 Bd4 25. Qe8+ Kg7 26. Bh6+ Kxh6 27. Qf8+ Kh5 28. g4+ Nxg4 29. Rh3+ Kg5 30. Qxf7 Ne3+ 31. Kf3 Nxf1 32. Qf4# 1-0

[Event "FRA-ch Blitz Online Qual"]
[Site "Europe Echecs INT"]
[Date "2020.05.16"]
[Round "3"]
[White "Batsiashvili, Nino"]
[Black "Berger Dit Lacroix, Kilian"]
[Result "1-0"]
[WhiteElo "2457"]
[BlackElo "2129"]
[PlyCount "81"]
[EventDate "2020.05.16"]
[EventType "swiss (blitz)"]
[EventRounds "15"]
[EventCountry "FRA"]
[SourceTitle "CBM 196 Extra"]
[Source "ChessBase"]
[SourceDate "2020.07.31"]
[SourceVersion "1"]
[SourceVersionDate "2020.07.31"]
[SourceQuality "1"]

1. d4 Nf6 2. Nf3 g6 3. Bf4 Bg7 4. e3 0-0 5. Bd3 d6 6. h3 Nbd7 7. 0-0 c5 8. Nbd2 b6 9. a4 a6 10. Qe2 Bb7 11. Bh2 cxd4 12. exd4 Qc7 13. Qxe7 Rad8 14. Qxd6 Qc8 15. Qc7 Qa8 16. c4 Ne4 17. Nxe4 Bxe4 18. Bxe4 Qxe4 19. Qf4 Qc2 20. Rac1 Qxa4 21. c5 bxc5 22. dxc5 Qxf4 23. Bxf4 Bxb2 24. Rc2 Bg7 25. c6 Nf6 26. c7 Rc8 27. Rd1 Rfe8 28. g4 Ne4 29. Re2 a5 30. Ng5 Nf6 31. Rxe8+ Nxe8 32. Rd8 a4 33. Rxc8 a3 34. Rxe8+ Bf8 35. Ra8 a2 36. c8Q a1Q+ 37. Rxa1 Kg7 38. Ra7 Kh6 39. Rxf7 Bg7 40. Qg8 Bd4 41. Qxh7# 1-0

[Event "FRA-ch Blitz Online Qual"]
[Site "Europe Echecs INT"]
[Date "2020.05.16"]
[Round "14"]
[White "Berger Dit Lacroix, Kilian"]
[Black "Demarche, Laurent"]
[Result "1-0"]
[WhiteElo "2129"]
[BlackElo "1835"]
[PlyCount "53"]
[EventDate "2020.05.16"]
[EventType "swiss (blitz)"]
[EventRounds "15"]
[EventCountry "FRA"]
[SourceTitle "CBM 196 Extra"]
[Source "ChessBase"]
[SourceDate "2020.07.31"]
[SourceVersion "1"]
[SourceVersionDate "2020.07.31"]
[SourceQuality "1"]

1. e4 e5 2. Nf3 d6 3. d4 Nf6 4. dxe5 Nxe4 5. Bd3 Nc5 6. 0-0 d5 7. Nc3 c6 8. Re1 Be7 9. Bf1 0-0 10. Be3 Ne6 11. Nd4 c5 12. Nxe6 fxe6 13. Nb5 a6 14. Na3 Nc6 15. f4 d4 16. Bd2 b5 17. c4 b4 18. Nc2 Bb7 19. Bd3 Rf7 20. Rf1 Bf8 21. Rf3 Qh4 22. Rh3 Qe7 23. Bxh7+ Kh8 24. Bg6+ Kg8 25. Rh8+ Kxh8 26. Qh5+ Kg8 27. Qh7# 1-0

[Event "FRA-ch Blitz Online Qual"]
[Site "Europe Echecs INT"]
[Date "2020.05.16"]
[Round "8"]
[White "Berger Dit Lacroix, Kilian"]
[Black "Stephan, Victor"]
[Result "0-1"]
[WhiteElo "2129"]
[BlackElo "2439"]
[PlyCount "46"]
[EventDate "2020.05.16"]
[EventType "swiss (blitz)"]
[EventRounds "15"]
[EventCountry "FRA"]
[SourceTitle "CBM 196 Extra"]
[Source "ChessBase"]
[SourceDate "2020.07.31"]
[SourceVersion "1"]
[SourceVersionDate "2020.07.31"]
[SourceQuality "1"]

1. e4 c5 2. Nf3 d6 3. Bb5+ Bd7 4. Bxd7+ Nxd7 5. 0-0 Ngf6 6. Qe2 Rc8 7. c3 e6 8. d4 cxd4 9. cxd4 d5 10. e5 Ne4 11. Nbd2 Nxd2 12. Bxd2 Be7 13. Rac1 0-0 14. Rc3 Rxc3 15. Bxc3 Qb6 16. h4 Nb8 17. Rd1 Qa6 18. Qc2 h6 19. a3 Rc8 20. Rd3 b5 21. Qd2 Nc6 22. Qf4 b4 23. axb4 Qxd3 0-1

[Event "FRA-ch Blitz Online Qual"]
[Site "Europe Echecs INT"]
[Date "2020.05.16"]
[Round "9"]
[White "Capton, Rafael"]
[Black "Berger Dit Lacroix, Kilian"]
[Result "0-1"]
[WhiteElo "1737"]
[BlackElo "2129"]
[PlyCount "52"]
[EventDate "2020.05.16"]
[EventType "swiss (blitz)"]
[EventRounds "15"]
[EventCountry "FRA"]
[SourceTitle "CBM 196 Extra"]
[Source "ChessBase"]
[SourceDate "2020.07.31"]
[SourceVersion "1"]
[SourceVersionDate "2020.07.31"]
[SourceQuality "1"]

1. e4 c5 2. Nf3 g6 3. d4 cxd4 4. Nxd4 Bg7 5. Nc3 Nc6 6. Be3 Nf6 7. Bc4 Qa5 8. 0-0 0-0 9. Bb3 d6 10. h3 Bd7 11. f4 Rac8 12. Nxc6 Bxc6 13. Qd3 b5 14. a3 Qc7 15. Rae1 a5 16. Nxb5 Bxb5 17. Qxb5 Nxe4 18. Bb6 Qb7 19. Bd5 Bd4+ 20. Kh1 Ng3+ 21. Kh2 Nxf1+ 22. Rxf1 Qxb6 23. Qd3 Qxb2 24. Rd1 Bf6 25. f5 Qxc2 26. Qf3 Qxf5 0-1

[Event "FRA-ch Blitz Online Qual"]
[Site "Europe Echecs INT"]
[Date "2020.05.16"]
[Round "7"]
[White "Gordon, James"]
[Black "Berger Dit Lacroix, Kilian"]
[Result "0-1"]
[WhiteElo "1775"]
[BlackElo "2129"]
[PlyCount "110"]
[EventDate "2020.05.16"]
[EventType "swiss (blitz)"]
[EventRounds "15"]
[EventCountry "FRA"]
[SourceTitle "CBM 196 Extra"]
[Source "ChessBase"]
[SourceDate "2020.07.31"]
[SourceVersion "1"]
[SourceVersionDate "2020.07.31"]
[SourceQuality "1"]

1. d4 Nf6 2. Nf3 g6 3. Bf4 Bg7 4. Nc3 d5 5. e3 0-0 6. Ne5 Nbd7 7. Be2 c5 8. dxc5 Nxc5 9. Qd2 Bf5 10. f3 Nh5 11. g4 Nxf4 12. exf4 Be6 13. 0-0-0 f6 14. Nd3 Rc8 15. Nxc5 Rxc5 16. Qd4 Qc7 17. f5 gxf5 18. gxf5 Bxf5 19. Bd3 e5 20. Nxd5 Rxc2+ 21. Kb1 exd4 22. Nxc7 Bxd3 23. Rxd3 Rxc7 24. Rxd4 Re8 25. Rg1 Rce7 26. Kc2 Re2+ 27. Kb3 f5 28. Rd7 R2e7 29. Rd5 Re3+ 30. Kc2 Re2+ 31. Kb3 Rxb2+ 32. Ka3 Re3+ 33. Ka4 Rxa2+ 34. Kb5 Rb3+ 35. Kc5 Ra5+ 36. Kd6 Rxd5+ 37. Kxd5 Rxf3 38. Ke6 Rf2 39. Rd1 h6 40. Rd8+ Kh7 41. Kf7 Rxh2 42. Rg8 Rg2 43. Ke6 f4 44. Rc8 f3 45. Rc1 f2 46. Rf1 Bd4 47. Kd5 Bb6 48. Rc1 Rg1 49. Rf1 Rxf1 50. Ke6 Re1+ 51. Kd7 f1Q 52. Kc8 Qf8+ 53. Kxb7 Qe7+ 54. Ka6 Ra1+ 55. Kb5 Qc5# 0-1